Statistiques concernant Tous les coachs de ligue 1 2023/2024

Cliquez ici pour prendre le quiz!

Statistiques générales

  • Ce quiz a été pris 76 fois
  • Le résultat moyen est 10 sur 18

Statistiques - réponses

ClubsCoach% Correct
PSGEnrique
96%
OLBlanc
85%
LensHaise
82%
RennesGenesio
81%
OMMarcelino
79%
MontpellierDer Zakarian
69%
LOSCFonseca
68%
StrasbourgVieira
68%
MonacoHütter
66%
LorientLe Bris
66%
ClermontGastien
59%
ReimsStill
57%
Le HavreElsner
31%
BrestRoy
28%
NantesAristouy
26%
MetzBölöni
22%
NiceFarioli
18%
ToulouseMartinez Novell
4%

Distribution des résultats

Percentile par nombre de réponses

% des personnes avec chaque résultat

Votre développement - résultats

Vous n’avez pas pris ce quiz